Rozpoznaj zawodnika FAME po edycjach gal - Statystyki

Ogólne statystyki
  • Ten quiz został rozwiązany 79 razy
  • Średni wynik to 4 z 15
Statystyki odpowiedzi
Gale Fame Zawodnik % Poprawnych
2, 3, 4, 7, 8, 10, 11, 13 Ferrari
95%
3, 4, 6, 8, 10, 12 Don Kasjo
55%
6, 7, 10, 11, 12 Tańcula
49%
4, 6, 9 Kubańczyk
38%
8, 9, 10, 13 Arab
26%
7, 13 Popek
25%
7, 8, 9, 13 Hejter
22%
4, 9 Kizo
22%
1, 2, 7 Ztrollowany
20%
1, 2, 7, 10 Lupa
17%
2, 4, 5 Kasti
9%
7, 8 Tybori
9%
3 Taxi Złotówa
8%
11 Smolasty
5%
12 Wrzosek
2%
Nie znaleziono quizów pasujących do podanych kryteriów
Rozkład punktacji
Procent ludzi z każdym wynikiem
Percentyl według liczby udzielonych odpowiedzi
Twoja historia wyników
Nie rozwiązałeś tego quizu